| 000 | 01563cam a22002054a 4500 | ||
|---|---|---|---|
| 005 | 20250605164053.0 | ||
| 008 | 250528s ||||||||||||||||||||||||d | ||
| 035 | _a17361 | ||
| 020 | _a471948810 | ||
| 040 |
_aGR-AtMCL _bgre _dGR-AtMCL _eAACR2 |
||
| 245 | 1 | _aTourism Alternatives / Potentials and Problems in the Development of Tourism | |
| 260 |
_bJohn Wiley & Sons, _c1995 |
||
| 300 | _a256 | ||
| 520 | _aIn this book addressed the theoretical attributes and dimensions of tourism from an international and interdisciplinary perspective. Preface, Introduction: The Emergence of Alternative Forms of Tourism, Theoretical Perspectives, Alternative Tourism: Concepts and Classifications and Questions, Alternative Tourism: The Thin End of the Wedge, Making the Alternative Sustainable: Lessons from Development for Tourism, Alternative Tourism: Tourism and Sustainable Resource Management, International Tourism Reconsidered: The Principle of the Alternative, Case Studies, Tourism as an Element in Sustainable Development: Hana and Maui, Boracay Philippines: A Case Study in ''Alternative'' Tourism, Predisposition Toward Alternative Forms of Tourism Among Tourists Visiting Barbados: Some Preliminary Observations, Tourism by Train: Its Role in Alternative Tourism, Tourism Alternatives in an Era of Global Climatic Change, Epilogue: A Research Agenda on the Variability of Tourism, References, Author and Subject Index. | ||
| 700 | 1 |
_aEadington William R _93513 |
|
| 700 | 1 |
_aSmith Valene L _93514 |
|
| 942 | _cBK | ||
| 999 |
_c2785 _d2785 |
||